书目信息 |
| 书名: | Theology of culture | |
| 作者: | edited by Robert C. Kimball. | |
| 分册号: | ||
| 分册名: | 出版地: | New York : |
|
| 出版社: | Oxford University Press | |
| 出版时间: | 1959. | |
| 页数: | ix, 213 p. ; | |
| 开本: | 20 cm. | |
| 丛书名: | ||
| 中图分类号: | ||
| 科图分类号: | ||
| 其他分类号: | B920 | |
| 主题词: | ||
| 电子资源: | ||
| 000 | 00737cam a22002531 450 | |
| 001 | E0739701822 | |
| 005 | 20070711110338.43 | |
| 008 | 720107s1959 nyu 000 0 eng | |
| 010 | @a59009814 | |
| 035 | @A(DLC) 59009814 | |
| 040 | @aDLC@cDLC@dDLC | |
| 050 | 00 | @aBT40@b.T5 |
| 082 | 00 | @a201 |
| 090 | @aB920 | |
| 099 | @dB920@ex55 | |
| 100 | 1 | @aTillich, Paul,@d1886-1965. |
| 245 | 10 | @aTheology of culture / @cedited by Robert C. Kimball. |
| 260 | @aNew York :@bOxford University Press,@c1959. | |
| 300 | @aix, 213 p. ;@c20 cm. | |
| 650 | 0 | @aChristianity@xPhilosophy. |
| 650 | 0 | @aCulture. |
| 700 | 1 | @aKimball, Robert C.,@eed. |
| 906 | @a7@bcbc@corignew@du@eocip@f19@gy-gencatlg | |
| 991 | @bc-GenColl@hBT40@i.T5@tCopy 1@wBOOKS | |
| Theology of culture / / edited by Robert C. Kimball.-New York : : Oxford University Press, , 1959. |
| ix, 213 p. ; ; 20 cm. |
| ISBN |
| ● |
| 相关链接 |
|
|
|
|
正题名:Theology of culture
索取号:B920/x55
 
预约/预借
| 序号 | 登录号 | 条形码 | 馆藏地/架位号 | 状态 | 备注 |
| 1 | 0011791 | 300117914 | 第二样本阅览室/ [索取号:B920/x55] | 在馆 |